Burn Butcher Burn -The Witcher Season 2 (All Lyrics) - Statistics

General Stats
  • This quiz has been taken 10 times
    8 since last reset
  • The average score is 92 of 174
Answer Stats
Answer % Correct
burn
100%
"Burn"
100%
Burn
100%
butcher
100%
hair?
75%
swords
75%
with
75%
With
75%
a
50%
After
50%
alive
50%
All
50%
all
50%
also
50%
and
50%
as
50%
As
50%
at
50%
At
50%
back
50%
bring
50%
by
50%
care
50%
days
50%
Did
50%
did
50%
disappointing
50%
What
50%
do
50%
end
50%
even
50%
ever
50%
everything
50%
for
50%
glee
50%
hear
50%
how
50%
I
50%
I'll
50%
I'm
50%
I've
50%
lonely
50%
Look
50%
Me?"
50%
me
50%
memories
50%
miles
50%
Mister
50%
my
50%
no
50%
No
50%
not
50%
Now
50%
of
50%
"Oh
50%
on
50%
one
50%
quite
50%
ride
50%
ring
50%
saw
50%
side
50%
some
50%
stupid
50%
survived
50%
thanks
50%
that
50%
the
50%
those
50%
through
50%
to
50%
true
50%
turned
50%
walk
50%
watch
50%
Watch
50%
we
50%
What
50%
when
50%
will
50%
word
50%
written
50%
yearn?
50%
you
50%
You
50%
you'll
50%
your
50%
you're
50%
anyone
25%
audience!
25%
bar
25%
be
25%
beautiful
25%
been
25%
can
25%
coin
25%
gentlemen
25%
have
25%
if
25%
If
25%
It's
25%
Ladies
25%
laugh
25%
most
25%
needs
25%
point
25%
Remember
25%
return
25%
toss
25%
No matching quizzes found
Score Distribution
Percent of People with Each Score
Percentile by Number Answered
Your Score History
You have not taken this quiz since the last reset